01024cam a2200277 a 4500999001500000001000600015003000900021005001700030008004100047010001700088020004000105020003500145040002800180082002100208100001900229245009200248250001200340260003700352300004700389490003000436504006600466650006000532700002300592942001200615952011900627 c6754d675413504BD-DhUAP20210106154559.0210106s2003 maua b 001 0 eng  a 2002007764 a0631227369 (hardcover : alk. paper) a0631227377 (pbk. : alk. paper) aDLCcDLCdBD-DhUAPbeng00a428.0071 MCD2231 aMcDonough, Jo.10aMaterials and methods in ELT :ba teacher's guide /cJo McDonough and Christopher Shaw. a2nd ed. aMalden, MA :bBlackwell,cc2003. axiii, 280 pages :billustrations ;c26 cm. aApplied language studies. aIncludes bibliographical references (p. [266]-276) and index. 0aEnglish languagexStudy and teachingxForeign speakers.1 aShaw, Christopher. 2ddccBK 00102ddc4070aUAPCLbUAPCLcGeneral Stacksd2021-01-06o428.0071 MCDp3010013504r2021-01-06t1w2021-01-06yBK